| 000 | 00475nam a2200145 i 4500 | ||
|---|---|---|---|
| 001 | 40168 | ||
| 003 | ES-MaACL | ||
| 007 | t| | ||
| 008 | 030305s1905 sp ||||1| spa d | ||
| 100 | 1 |
_aCapdeville, Edmundo. _934806 |
|
| 245 | 1 | 3 |
_aLa Bolsa al alcance de todos _b: las operaciones en las Bolsas de Madrid, Paris, Bruselas... / _cpor Edmundo Capdeville. |
| 260 |
_aMadrid : _bSuc. de Minuesa de los RĂos, _c1905. |
||
| 300 |
_a198 p. ; _c23 cm. |
||
| 852 |
_aES-MaACL _jB-5194 |
||
| 999 |
_c40168 _d40168 |
||